Similar Periodic Table Symbols Quiz - Statistics

General Stats
  • This quiz has been taken 10 times
  • The average score is 6 of 10
Answer Stats
Question Answer % Correct
H Hydrogen
100%
Br Bromine
88%
I Iodine
88%
Co Cobalt
75%
Ni Nickel
75%
Te Tellurium
75%
Pr Praseodymium
38%
Th Thorium
38%
Cm Curium
25%
Ru Ruthenium
25%
No matching quizzes found
Score Distribution
Percent of People with Each Score
Percentile by Number Answered
Your Score History
You have not taken this quiz